[Event "East Lansing (MOR/7/31)"]
[Site "?"]
[Date "1993.??.??"]
[Round "?"]
[White "Smeltzer, P."]
[Black "Carpenter, O."]
[Result "1-0"]
[WhiteElo "1605"]
[BlackElo "1605"]
[PlyCount "111"]
[EventDate "1993.??.??"]

{7/(31)} 1. d4 Nf6 2. Nf3 g6 3. c4 Bg7 4. g3 d6 5. Bg2 O-O 6. h4 h5 7. Nc3 a6
8. e4 c5 9. d5 Nbd7 10. Bf4 Rb8 11. e5 dxe5 12. Nxe5 Nxe5 13. Bxe5 Ra8 14. Qa4
Bd7 15. Qa3 b6 16. d6 Ra7 17. O-O-O Bh6+ 18. Kb1 Re8 19. dxe7 Qxe7 20. Bxf6
Qxf6 21. Nd5 Qd8 22. Qc3 Bg7 23. Qc1 Re2 24. Rd2 Qe8 25. Rxe2 Qxe2 26. Rf1 Qd3+
27. Ka1 Be6 28. Re1 Bxd5 29. cxd5 Qa3 30. Kb1 Qd3+ 31. Qc2 Qxc2+ 32. Kxc2 Kf8
33. Bh3 Re7 34. Kd1 Rxe1+ 35. Kxe1 Bxb2 36. Bc8 Ke7 37. Bxa6 Kd6 38. Bc4 Bf6
39. a4 Bd4 40. Ke2 Kc7 41. d6+ Kxd6 42. Bxf7 Ke5 43. Bxg6 c4 44. f4+ Kd6 45.
Bxh5 c3 46. Bg6 Kc5 47. Bc2 Kd6 48. Be4 Ke7 49. g4 Kf7 50. g5 Kg7 51. h5 Bc5
52. h6+ Kh8 53. g6 Bf8 54. g7+ Bxg7 55. hxg7+ Kxg7 56. Kd3 1-0

[Event "Flint (Class DE/4)"]
[Site "?"]
[Date "1993.??.??"]
[Round "?"]
[White "Smeckert, Dennis"]
[Black "Velasquez, A."]
[Result "0-1"]
[WhiteElo "1605"]
[BlackElo "1605"]
[PlyCount "120"]
[EventDate "1993.??.??"]

1. e4 c5 2. Nc3 Nc6 3. g3 g6 4. Bg2 Bg7 5. d3 Nf6 6. Nge2 d6 7. O-O O-O 8. h3
Bd7 9. f4 Qc8 10. Kh2 Nd4 11. Rb1 Rb8 12. e5 dxe5 13. fxe5 Nh5 14. Nd5 Re8 15.
Bg5 f6 16. exf6 exf6 17. Nxd4 fxg5 18. Nb3 Be5 19. Qf3 Bf5 20. Nf4 Nxf4 21.
gxf4 Bxf4+ 22. Kh1 Re3 23. Qd5+ Be6 24. Qxc5 Qxc5 25. Nxc5 Bxh3 26. Rbe1 Rbe8
27. Ne4 Bxg2+ 28. Kxg2 Kg7 29. Rxe3 Bxe3 30. Rf3 Bf4 31. c4 h5 32. Nc3 Re3 33.
Rxe3 Bxe3 34. Nd5 Bd4 35. b3 g4 36. Nf4 Kf6 37. b4 h4 38. b5 Kf5 39. Ne2 h3+
40. Kf1 Be5 41. c5 g5 42. a4 Ke6 43. d4 Bf4 44. Nc3 Be3 45. d5+ Ke5 46. c6 bxc6
47. bxc6 g3 48. c7 g2+ 49. Ke2 g1=Q 50. c8=Q Qf2+ 51. Kd3 Qf5+ 52. Qxf5+ Kxf5
53. d6 Bb6 54. Ne2 h2 55. Ng3+ Kf4 56. Nh1 Kf3 57. d7 Kg2 58. Ke2 Kxh1 59. Kf1
g4 60. a5 Bxa5 0-1

[Event "East Lansing (MOR/6/29)"]
[Site "?"]
[Date "1993.??.??"]
[Round "?"]
[White "Smeckert, Dennis"]
[Black "Vaughn, Gerald"]
[Result "0-1"]
[WhiteElo "1605"]
[BlackElo "1605"]
[PlyCount "63"]
[EventDate "1993.??.??"]

{6/(29)} 1. e4 c5 2. Nc3 Nc6 3. g3 g6 4. Bg2 Bg7 5. d3 Nf6 6. f4 d6 7. Nge2 Bd7
8. O-O Nd4 9. h3 Nh5 10. Kh2 e6 11. g4 Nxe2 12. Nxe2 Nf6 13. Ng3 h5 14. g5 Ng4+
15. Kg1 Bd4+ 16. Kh1 Nf2+ 17. Rxf2 Bxf2 18. Qf3 Bxg3 19. Qxg3 h4 20. Qf3 f5 21.
b3 fxe4 22. dxe4 Rf8 23. Qf2 Qxg5 24. Bf1 O-O-O 25. Qd2 Qf6 26. Rb1 Qd4 27. Bd3
Bc6 28. Qg2 Qf6 29. Bb2 Qxf4 30. Rf1 Bxe4 31. Bxe4 Qxf1+ 32. Qg1 0-1

[Event "Trenton (Mar)"]
[Site "?"]
[Date "1993.??.??"]
[Round "?"]
[White "Smeckert, Dennis"]
[Black "Uy, J."]
[Result "1/2-1/2"]
[WhiteElo "1605"]
[BlackElo "1605"]
[PlyCount "111"]
[EventDate "1993.??.??"]

1. e4 d6 2. d4 c6 3. Nc3 g6 4. f4 Bg7 5. Nf3 e6 6. Bd3 Ne7 7. O-O b6 8. b3 Na6
9. Be3 Nc7 10. Na4 O-O 11. Nb2 c5 12. Rb1 Bb7 13. c3 Ne8 14. f5 exf5 15. exf5
Nd5 16. Bg5 Nxc3 17. Bxd8 Nxd1 18. Be7 Nc3 19. Bxf8 Nxb1 20. Bxg7 Nc3 21. Bh6
Nxa2 22. fxg6 hxg6 23. Bd2 Ng7 24. Bb1 Nb4 25. Bxb4 cxb4 26. Nc4 Rd8 27. Ncd2
Ne6 28. Re1 Bd5 29. Be4 Bxe4 30. Nxe4 a5 31. Rc1 d5 32. Neg5 Nf4 33. Rc6 Rb8
34. Kf2 b5 35. g3 Nd3+ 36. Ke3 Nb2 37. Ne5 a4 38. bxa4 bxa4 39. Ngxf7 Nc4+ 40.
Nxc4 dxc4 41. Rxc4 Kxf7 42. Kd2 a3 43. Kc2 b3+ 44. Kb1 a2+ 45. Kb2 Ra8 46. Rc1
Ke6 47. Rd1 Kd5 48. h4 Ra4 49. Ra1 Rb4 50. g4 Kxd4 51. h5 gxh5 52. gxh5 Rb8 53.
h6 Kc4 54. h7 Rh8 55. Rc1+ Kb4 56. Rc7 1/2-1/2

[Event "Eastpointe (MI Action/2/20)"]
[Site "?"]
[Date "1993.??.??"]
[Round "?"]
[White "Smeckert, Dennis"]
[Black "Turner, J."]
[Result "0-1"]
[WhiteElo "1605"]
[BlackElo "1605"]
[PlyCount "34"]
[EventDate "1993.??.??"]

{2/(20)} 1. e4 e5 2. Nf3 Nc6 3. Bb5 a6 4. Bxc6 dxc6 5. O-O Bg4 6. d4 Bxf3 7.
Qxf3 Qxd4 8. Rd1 Qc5 9. Nc3 Nf6 10. Rd3 Be7 11. a3 O-O 12. Be3 Qa5 13. b4 Bxb4
14. Ne2 Rad8 15. Rad1 Rxd3 16. Rxd3 Bxa3 17. Bg5 Qe1# 0-1

[Event "Troy (TCC/C/1a/6)"]
[Site "?"]
[Date "1993.??.??"]
[Round "?"]
[White "Smeckert, Dennis"]
[Black "Sunts, A."]
[Result "0-1"]
[WhiteElo "1605"]
[BlackElo "1605"]
[PlyCount "56"]
[EventDate "1993.??.??"]

1. e4 e5 2. Nf3 d6 3. Bc4 Be7 4. d3 Bg4 5. c3 Nf6 6. Nbd2 O-O 7. a3 c6 8. b4 d5
9. Bb3 dxe4 10. dxe4 Qd3 11. Qc2 Rd8 12. Bxf7+ Kf8 13. Bb3 Bxf3 14. gxf3 c5 15.
Bb2 b5 16. bxc5 Bxc5 17. Qxd3 Rxd3 18. Ke2 Rd8 19. c4 Nc6 20. Rhd1 bxc4 21.
Nxc4 Nd4+ 22. Bxd4 Bxd4 23. Ra2 Rab8 24. Rd3 Nh5 25. Rxd4 exd4 26. Bd1 Nf4+ 27.
Ke1 Rb5 28. Rb2 Nd3+ 0-1

[Event "Trenton (Mar)"]
[Site "?"]
[Date "1993.??.??"]
[Round "?"]
[White "Smeckert, Dennis"]
[Black "Suess, J."]
[Result "1-0"]
[WhiteElo "1605"]
[BlackElo "1605"]
[PlyCount "105"]
[EventDate "1993.??.??"]

1. e4 e6 2. d4 d6 3. Nf3 b6 4. c4 Be7 5. Nc3 Bb7 6. Bd3 Nf6 7. O-O c6 8. Re1
Qc7 9. Qc2 Nbd7 10. Bg5 h6 11. Bxf6 Nxf6 12. e5 Ng4 13. h3 dxe5 14. hxg4 exd4
15. Nxd4 O-O-O 16. Nf3 c5 17. Ne5 Bd6 18. Nb5 Qe7 19. Nxa7+ Kb8 20. Nac6+ Bxc6
21. Nxc6+ Kc7 22. Nxe7 Bxe7 23. Be4 Rd6 24. Qa4 Rb8 25. Rad1 b5 26. Qa5+ Rbb6
27. Rxd6 Bxd6 28. cxb5 c4 29. a4 Bc5 30. Qc3 Kd7 31. Qxc4 Bd6 32. a5 Rb8 33. a6
Ke7 34. a7 Rd8 35. a8=Q Rxa8 36. Bxa8 e5 37. b6 Kf6 38. b7 g5 39. Qc8 Kg7 40.
b8=Q Be7 41. b4 Bf6 42. b5 Kg6 43. b6 Bg7 44. b7 Bf6 45. Qd6 Kg7 46. b8=Q Be7
47. Qxe5+ f6 48. Qxe7+ Kg6 49. Be4+ f5 50. gxf5+ Kh5 51. Qce8+ Kg4 52. f6 Kh4
53. Qg3# 1-0

[Event "Ann Arbor (HV MIni)"]
[Site "?"]
[Date "1993.??.??"]
[Round "?"]
[White "Smeckert, Dennis"]
[Black "Smalec, Joseph"]
[Result "1-0"]
[WhiteElo "1605"]
[BlackElo "1605"]
[PlyCount "69"]
[EventDate "1993.??.??"]

1. e4 c5 2. Nc3 Nc6 3. g3 e5 4. Bg2 d6 5. d3 Nf6 6. Nge2 Be7 7. O-O O-O 8. f4
exf4 9. Nxf4 Bg4 10. Bf3 Bxf3 11. Qxf3 Qb6 12. Qf2 c4 13. Qxb6 axb6 14. Nfd5
Rae8 15. Bg5 h6 16. Bxf6 Bxf6 17. Nxf6+ gxf6 18. Rxf6 cxd3 19. cxd3 Kg7 20.
Rxd6 Re6 21. Rxe6 fxe6 22. Rf1 Rxf1+ 23. Kxf1 Nd4 24. Na4 b5 25. Nc5 b6 26. Nd7
b4 27. Nxb6 b3 28. a4 Nc6 29. Nc4 e5 30. a5 h5 31. a6 Kg6 32. Nxe5+ Nxe5 33. a7
Nd7 34. a8=Q Nb6 35. Qc6+ 1-0

[Event "Eastpointe (MI Action/4/21)"]
[Site "?"]
[Date "1993.??.??"]
[Round "?"]
[White "Smeckert, Dennis"]
[Black "Scott, A."]
[Result "1-0"]
[WhiteElo "1605"]
[BlackElo "1605"]
[PlyCount "71"]
[EventDate "1993.??.??"]

{4/(21)} 1. e4 e5 2. Nf3 d6 3. c3 Bg4 4. d3 Nf6 5. Be3 Be7 6. Na3 Nc6 7. Nc2
Bxf3 8. gxf3 Qd7 9. Qd2 O-O-O 10. h4 d5 11. Bh3 Qxh3 12. Rxh3 dxe4 13. fxe4 Nd7
14. O-O-O f6 15. f4 a6 16. h5 h6 17. Rg1 Rhg8 18. Rhg3 Bf8 19. f5 Ne7 20. Bxh6
g5 21. hxg6 Bxh6 22. Qxh6 Rh8 23. Qd2 Nc5 24. g7 Rhg8 25. Qg2 Rxd3 26. Rxd3
Nxd3+ 27. Kb1 Nf4 28. Qh2 Rd8 29. Ne3 Ng8 30. Rd1 Rxd1+ 31. Nxd1 Kd7 32. Qh7
Ne7 33. g8=Q Nd3 34. Qd5+ Ke8 35. Qe6 Nc5 36. Qexe7# 1-0

[Event "Flint (Class DE/2)"]
[Site "?"]
[Date "1993.??.??"]
[Round "?"]
[White "Smeckert, Dennis"]
[Black "Reist, Douglas"]
[Result "1/2-1/2"]
[WhiteElo "1605"]
[BlackElo "1605"]
[PlyCount "63"]
[EventDate "1993.??.??"]

1. e4 c5 2. Nc3 e6 3. g3 a6 4. Bg2 d6 5. d3 Nc6 6. Nge2 Be7 7. O-O Nf6 8. h3
O-O 9. Kh2 d5 10. exd5 exd5 11. Nf4 d4 12. Ncd5 Nxd5 13. Nxd5 Bd6 14. a3 Be6
15. Nf4 Bf5 16. Bxc6 bxc6 17. Qf3 Qd7 18. Qg2 Rae8 19. f3 Re7 20. Bd2 Rfe8 21.
Rfe1 Bxf4 22. Rxe7 Bxg3+ 23. Qxg3 Rxe7 24. Re1 Be6 25. Bh6 f6 26. Bf4 Re8 27.
Bd6 c4 28. Bc5 cxd3 29. cxd3 Qd5 30. Qd6 Qxf3 31. Rxe6 Qf2+ 32. Kh1 1/2-1/2

[Event "Troy (TCC/C/1b/7)"]
[Site "?"]
[Date "1993.??.??"]
[Round "?"]
[White "Smeckert, Dennis"]
[Black "Nixon, Peter"]
[Result "1-0"]
[WhiteElo "1605"]
[BlackElo "1605"]
[PlyCount "37"]
[EventDate "1993.??.??"]

1. e4 c5 2. Nc3 Nc6 3. g3 g6 4. Bg2 Bg7 5. d3 e6 6. f4 Nge7 7. Nge2 O-O 8. O-O
a6 9. a4 b6 10. g4 Bb7 11. f5 exf5 12. gxf5 Bd4+ 13. Nxd4 Nxd4 14. f6 Nec6 15.
Qd2 Qb8 16. Qh6 Ne6 17. Nd5 Re8 18. Rf3 Qe5 19. Rh3 1-0

[Event "Eastpointe (MI Action/6/19)"]
[Site "?"]
[Date "1993.??.??"]
[Round "?"]
[White "Smeckert, Dennis"]
[Black "McMahan, M."]
[Result "1-0"]
[WhiteElo "1605"]
[BlackElo "1605"]
[PlyCount "45"]
[EventDate "1993.??.??"]

{6/(19)} 1. e4 e5 2. Nf3 Nc6 3. Bb5 Bc5 4. Bxc6 dxc6 5. O-O Qf6 6. d3 Qg6 7.
Nxe5 Qf6 8. Nf3 Bg4 9. Nc3 h6 10. a3 Ne7 11. Be3 Bb6 12. Qe2 Ng6 13. Bxb6 axb6
14. Qe3 Ra5 15. Rfe1 Rh5 16. d4 Nh4 17. Nxh4 Qxh4 18. Qg3 Qg5 19. f3 Be6 20. f4
Qf6 21. e5 Qf5 22. Qxg7 Rf8 23. Ne4 1-0

[Event "East Lansing (MOR/2/46)"]
[Site "?"]
[Date "1993.??.??"]
[Round "?"]
[White "Smeckert, Dennis"]
[Black "Kenworthy, Mark"]
[Result "1-0"]
[WhiteElo "1605"]
[BlackElo "1605"]
[PlyCount "63"]
[EventDate "1993.??.??"]

{2/(46)} 1. e4 e5 2. Nf3 Nc6 3. Bb5 Nge7 4. c3 a6 5. Ba4 b5 6. Bc2 d5 7. d4 Bg4
8. Be3 Bxf3 9. gxf3 g6 10. f4 exf4 11. Bxf4 Bg7 12. e5 Qc8 13. Qf3 Qe6 14. Nd2
O-O 15. O-O-O Na5 16. Nb3 Nxb3+ 17. Bxb3 c6 18. Bc2 Nf5 19. h4 Ne7 20. h5 f5
21. Rdg1 Kf7 22. Qh3 Rh8 23. h6 Bf8 24. Bg5 a5 25. Bf6 Rg8 26. Rg5 b4 27. Rhg1
bxc3 28. bxc3 Nc8 29. Bxf5 Qe8 30. Bd7 Ba3+ 31. Kd2 Qf8 32. Qe6# 1-0

[Event "Lansing (MI Am/2)"]
[Site "?"]
[Date "1993.??.??"]
[Round "?"]
[White "Smeckert, Dennis"]
[Black "Hawley, T."]
[Result "0-1"]
[WhiteElo "1605"]
[BlackElo "1755"]
[PlyCount "20"]
[EventDate "1993.??.??"]

1. e4 e5 2. Nf3 Nc6 3. Bb5 f5 4. Nc3 Nd4 5. Nxe5 Qf6 6. Bxd7+ Bxd7 7. Nxd7 Kxd7
8. Nd5 Qe5 9. d3 Re8 10. Bf4 Qxd5 0-1

[Event "East Lansing (MOR/5/40)"]
[Site "?"]
[Date "1993.??.??"]
[Round "?"]
[White "Smeckert, Dennis"]
[Black "Guenther, B."]
[Result "1-0"]
[WhiteElo "1605"]
[BlackElo "1605"]
[PlyCount "99"]
[EventDate "1993.??.??"]

{5/(40)} 1. e4 c5 2. Nc3 Nc6 3. g3 Nf6 4. Bg2 e5 5. d3 h6 6. Nge2 d6 7. f4 Bg4
8. f5 Bxe2 9. Qxe2 Nd4 10. Qd1 b5 11. O-O b4 12. Ne2 Qb6 13. Nxd4 cxd4 14. Bd2
a5 15. a4 h5 16. h3 Be7 17. b3 Kd7 18. Bg5 Rac8 19. Rc1 Rc5 20. Qd2 Qd8 21. Bf3
Nh7 22. Bxe7 Qxe7 23. Bxh5 Ng5 24. Bg4 Nxh3+ 25. Kg2 Qf6 26. Rh1 Kc7 27. Rxh3
Rxh3 28. Bxh3 g5 29. fxg6 Qxg6 30. Bf5 Qg7 31. Rh1 Kb6 32. g4 f6 33. Kf1 Qc7
34. Rh2 d5 35. Ke1 dxe4 36. Bxe4 Qg7 37. Bf5 Qg8 38. Qg2 Rc7 39. Kd1 Rg7 40.
Qh3 Qf7 41. Qh8 Rg8 42. Qh5 Qe7 43. Qh7 Qd8 44. Qd7 Kc5 45. Qb5+ Kd6 46. Rh7 e4
47. Rd7+ Qxd7 48. Qxd7+ Ke5 49. Qc7+ Kd5 50. dxe4# 1-0

[Event "Lansing (MI Am/1)"]
[Site "?"]
[Date "1993.??.??"]
[Round "?"]
[White "Smeckert, Dennis"]
[Black "Bee, A."]
[Result "1-0"]
[WhiteElo "1605"]
[BlackElo "1820"]
[PlyCount "71"]
[EventDate "1993.??.??"]

1. e4 c6 2. d4 d5 3. Nc3 dxe4 4. Nxe4 Bf5 5. Ng3 Bg6 6. Be3 e6 7. h4 h6 8. h5
Bh7 9. Bd3 Bxd3 10. Qxd3 Nf6 11. N1e2 Na6 12. c3 Nc7 13. Ne4 Be7 14. Nxf6+ Bxf6
15. O-O-O Nd5 16. Kb1 Nxe3 17. Qxe3 Qc7 18. g4 O-O-O 19. f4 Kb8 20. Ng3 Rhe8
21. Ne4 Be7 22. g5 hxg5 23. fxg5 Rd5 24. h6 gxh6 25. gxh6 Qd8 26. h7 Ka8 27.
Qh6 Rh8 28. Qg7 f5 29. Rdg1 fxe4 30. Qxh8 Qxh8 31. Rg8+ Rd8 32. Rxh8 Rxh8 33.
Rg1 Kb8 34. Rg8+ Kc7 35. Rxh8 Kd6 36. Rd8+ 1-0

[Event "Ann Arbor (HV Mini)"]
[Site "?"]
[Date "1993.??.??"]
[Round "?"]
[White "Smalec, Joseph"]
[Black "Welch, Joseph"]
[Result "0-1"]
[WhiteElo "1605"]
[BlackElo "1605"]
[PlyCount "46"]
[EventDate "1993.??.??"]

1. e4 c5 2. Nf3 d6 3. Nc3 Nf6 4. d3 g6 5. Bg5 Bg7 6. d4 cxd4 7. Qxd4 O-O 8. e5
Nc6 9. Qc4 Be6 10. Qb5 a6 11. Qxb7 Nxe5 12. Bxf6 Bxf6 13. Bxa6 Rb8 14. Qe4 Rxb2
15. O-O Nxf3+ 16. gxf3 Bxc3 17. Qd3 Qc7 18. f4 Ra8 19. f3 Rb6 20. Bc4 Qxc4 21.
Qxc4 Bxc4 22. Rab1 Bd4+ 23. Kg2 Bxf1+ 0-1

[Event "East Lansing (MOR/5/52)"]
[Site "?"]
[Date "1993.??.??"]
[Round "?"]
[White "Smalec, Joseph"]
[Black "Simmons, P."]
[Result "0-1"]
[WhiteElo "1605"]
[BlackElo "1605"]
[PlyCount "54"]
[EventDate "1993.??.??"]

{5/(52)} 1. e4 d5 2. e5 Nc6 3. Nf3 Bg4 4. Be2 Bxf3 5. Bxf3 Nxe5 6. Nc3 d4 7.
Bxb7 Rb8 8. Ba6 dxc3 9. bxc3 Nf6 10. O-O Qd6 11. Re1 Qxa6 12. Rxe5 e6 13. d4
Bd6 14. Re3 O-O 15. Rd3 Rb5 16. Bg5 Rxg5 17. Rf3 Rh5 18. Re3 Bxh2+ 19. Kh1 Bf4+
20. Kg1 Bxe3 21. fxe3 Qd6 22. Kf2 Ne4+ 23. Ke1 Rh1+ 24. Ke2 Nxc3+ 25. Kd2 Rxd1+
26. Rxd1 Nxd1 27. Kxd1 Qg3 0-1

[Event "Flint (Beg/4)"]
[Site "?"]
[Date "1993.??.??"]
[Round "?"]
[White "Smalec, Joseph"]
[Black "Miles, J."]
[Result "1/2-1/2"]
[WhiteElo "1605"]
[BlackElo "1605"]
[PlyCount "83"]
[EventDate "1993.??.??"]

1. e4 d5 2. exd5 Qxd5 3. Nc3 Qe6+ 4. Qe2 Nc6 5. Qxe6 Bxe6 6. Bb5 O-O-O 7. Bxc6
bxc6 8. Nf3 Nf6 9. O-O Bc4 10. Re1 e6 11. Ne5 Bd5 12. Nxd5 exd5 13. Nxf7 Re8
14. Rxe8+ Nxe8 15. Nxh8 Nf6 16. d4 Bd6 17. Bg5 Ng4 18. Re1 Bxh2+ 19. Kh1 h6 20.
f3 Nf2+ 21. Kxh2 hxg5 22. Re8+ Kb7 23. Kg3 Nd1 24. Re1 Nxb2 25. Rb1 Kc8 26.
Rxb2 a6 27. Nf7 c5 28. dxc5 d4 29. f4 gxf4+ 30. Kxf4 a5 31. Ke4 a4 32. Kxd4 a3
33. Rb3 g6 34. Rxa3 g5 35. Nxg5 Kd7 36. c6+ Kxc6 37. Rc3+ Kd7 38. Kd5 Kc8 39.
Ne6 Kd7 40. Rxc7+ Ke8 41. Ng7+ Kd8 42. Kd6 1/2-1/2

[Event "Gaylord (NMO/4/4)"]
[Site "?"]
[Date "1993.??.??"]
[Round "?"]
[White "Smalec, John"]
[Black "Vandivier, Don"]
[Result "0-1"]
[WhiteElo "1700"]
[BlackElo "2065"]
[PlyCount "68"]
[EventDate "1993.??.??"]

{4/(4)} 1. e4 c5 2. Nf3 d6 3. Bb5+ Nc6 4. O-O Bd7 5. d4 cxd4 6. Nxd4 g6 7. c4
Bg7 8. Be3 a6 9. Bxc6 bxc6 10. Nc3 c5 11. Nde2 Rb8 12. Qd2 Qb6 13. Rab1 Qb4 14.
b3 Nf6 15. f3 O-O 16. Bh6 Bc6 17. Bxg7 Kxg7 18. Rbd1 a5 19. Nf4 a4 20. Nfd5
Bxd5 21. exd5 axb3 22. axb3 Qxb3 23. Qd3 Rb4 24. Rb1 Qxc4 25. Qxc4 Rxc4 26.
Rfc1 Rd4 27. Rb7 Re8 28. Re1 Rd3 29. Nb5 Rxd5 30. Rc7 Rd2 31. Na7 Nd5 32. Rb7
Nf4 33. g3 Re2 34. Rd1 Nh3+ 0-1

[Event "Lansing (MI Am/4)"]
[Site "?"]
[Date "1993.??.??"]
[Round "?"]
[White "Smalec, John"]
[Black "Smeckert, Dennis"]
[Result "1/2-1/2"]
[WhiteElo "1700"]
[BlackElo "1605"]
[PlyCount "106"]
[EventDate "1993.??.??"]

1. e4 e5 2. Bc4 Nf6 3. d3 Be7 4. f4 d6 5. Nf3 Be6 6. Nc3 exf4 7. Bxf4 Bxc4 8.
dxc4 Nbd7 9. Qd4 Nh5 10. Be3 Bf6 11. Qd5 Bxc3+ 12. bxc3 Nhf6 13. Qg5 Nxe4 14.
Qxg7 Qf6 15. Qxf6 Nexf6 16. O-O O-O-O 17. Bg5 Rhg8 18. Bh4 Rde8 19. Nd4 Ne4 20.
Nf5 f6 21. Rad1 Nxc3 22. Rd3 Re2 23. Bg3 Nxa2 24. Ra3 Nb4 25. Rxa7 Nb6 26. Rb1
Kb8 27. Ra5 Na6 28. Nxd6 Rxc2 29. Nf5 Rxc4 30. Rab5 Ka7 31. Bxc7 Rxc7 32. Rxb6
Nc5 33. Rxf6 Na6 34. Ra1 Re8 35. Nd6 Ree7 36. Nb5+ Kb8 37. Nxc7 Rxc7 38. Rh6
Nc5 39. Rc1 Nd7 40. Rxc7 Kxc7 41. Rxh7 b5 42. Kf1 b4 43. Rh4 b3 44. Rb4 Nc5 45.
Ke2 Kd6 46. Kd2 Ke6 47. Kc3 Kd5 48. Rd4+ Kc6 49. Rc4 Kb5 50. Rb4+ Kc6 51. Rc4
Kb5 52. Rxc5+ Kxc5 53. Kxb3 Kd5 1/2-1/2

[Event "Troy (TCC/B/4/8)"]
[Site "?"]
[Date "1993.??.??"]
[Round "?"]
[White "Smalec, John"]
[Black "Sledge, Ernest"]
[Result "1-0"]
[WhiteElo "1700"]
[BlackElo "1770"]
[PlyCount "139"]
[EventDate "1993.??.??"]

{4/(8)} 1. e4 e5 2. Nf3 Nc6 3. Bb5 d6 4. d4 exd4 5. Nxd4 Bd7 6. Be3 Nf6 7. Nc3
Be7 8. O-O O-O 9. Nxc6 bxc6 10. Bc4 Qb8 11. Bb3 h6 12. h3 Qc8 13. Kh2 Be6 14.
Qe2 Qb7 15. f4 d5 16. f5 Bd7 17. e5 Ne4 18. Nxe4 dxe4 19. f6 gxf6 20. exf6 Bd6+
21. Kh1 Qb5 22. Bc4 Qe5 23. Bf4 Qxf6 24. Bxd6 Qxd6 25. Rad1 Qe7 26. Rf4 Kg7 27.
Rxe4 Be6 28. Bxe6 fxe6 29. Rxe6 Qg5 30. Re4 Qf5 31. Rg4+ Kh8 32. Qe4 Rf6 33.
Qd4 Raf8 34. Re1 Kh7 35. Re7+ Kh8 36. Rxc7 Qxc2 37. Rxa7 c5 38. Qe4 Qf2 39. Qe7
R8f7 40. Ra8+ Kh7 41. Qe4+ Rf5 42. Rag8 Rd7 43. Rh8+ Kxh8 44. Qe8+ Rf8 45. Qxd7
Qxb2 46. Qd6 Rf1+ 47. Kh2 Qf6 48. Qxc5 Rf5 49. Qc8+ Qf8 50. Qe6 Rf6 51. Qe5 Kh7
52. a4 Qd6 53. Qxd6 Rxd6 54. Kg3 Rf6 55. Rf4 Ra6 56. Kf3 Kg6 57. h4 h5 58. g3
Rb6 59. Rd4 Kf5 60. Ke3 Rb3+ 61. Rd3 Rb4 62. Ra3 Rb6 63. a5 Ra6 64. Kd3 Rg6 65.
Kd4 Ke6 66. a6 Rg8 67. a7 Rd8+ 68. Kc5 Ra8 69. Kb6 Kd6 70. Kb7 1-0

[Event "Gaylord (NMO/2/7)"]
[Site "?"]
[Date "1993.??.??"]
[Round "?"]
[White "Smalec, John"]
[Black "Rowlinson, T."]
[Result "0-1"]
[WhiteElo "1700"]
[BlackElo "1885"]
[PlyCount "53"]
[EventDate "1993.??.??"]

{2/(7)} 1. e4 Nc6 2. d4 e5 3. Nf3 exd4 4. Nxd4 Bc5 5. c3 Qf6 6. Be3 Nge7 7. Bc4
d6 8. O-O Ne5 9. Bb3 Qg6 10. f3 Bd7 11. Nd2 O-O-O 12. Nc4 h5 13. a4 h4 14. Kh1
h3 15. g3 Bxd4 16. cxd4 N5c6 17. Qd2 f5 18. d5 Ne5 19. f4 Nxc4 20. Bxc4 fxe4
21. Bxa7 Qf5 22. Rfe1 Rh5 23. Qa5 Nxd5 24. Bf2 Nb6 25. Qa7 Bc6 26. Bxb6 cxb6 {
[0-1, 40?]} 27. Rxe4 0-1

[Event "Troy (TCC/B/2/8)"]
[Site "?"]
[Date "1993.??.??"]
[Round "?"]
[White "Smalec, John"]
[Black "Rostrom, Richard"]
[Result "1/2-1/2"]
[WhiteElo "1700"]
[BlackElo "1610"]
[PlyCount "105"]
[EventDate "1993.??.??"]

{2/(8)} 1. e4 c5 2. Nf3 d6 3. Bb5+ Bd7 4. Bxd7+ Qxd7 5. O-O g6 6. c3 Nf6 7. e5
Nd5 8. exd6 Qxd6 9. Re1 Bg7 10. d4 O-O 11. Na3 cxd4 12. cxd4 Nc6 13. Bg5 e6 14.
Nc4 Qb4 15. Rc1 Qb5 16. a3 a5 17. Qd2 a4 18. Bh6 Na5 19. Bxg7 Kxg7 20. Nxa5
Qxa5 21. Qg5 Qd8 22. Qg4 Rc8 23. h4 Nf6 24. Qf4 Nd5 25. Qe4 Nf6 26. Qe3 Nd5 27.
Qd2 Nf6 28. Ng5 Qd6 29. Ne4 Nxe4 30. Rxe4 Qd5 31. Rg4 Rc6 32. Rg5 Rxc1+ 33.
Qxc1 Qxd4 34. h5 Rd8 35. h6+ Kf6 36. Rb5 Qg4 37. Qc3+ Qd4 38. Qf3+ Ke7 39.
Rxb7+ Rd7 40. Rxd7+ Qxd7 41. g4 Qd5 42. Qf4 Qd1+ 43. Kg2 Qd5+ 44. f3 e5 45. Qe3
Qd4 46. Qc1 Qf4 47. Qc7+ Ke6 48. Qc8+ Kd6 49. Qd8+ Ke6 50. g5 e4 51. Qc8+ Ke7
52. Qc5+ Ke6 53. Qc8+ 1/2-1/2

[Event "Jackson (Prison m)"]
[Site "?"]
[Date "1993.??.??"]
[Round "?"]
[White "Smalec, John"]
[Black "Gumar, M."]
[Result "1-0"]
[WhiteElo "1700"]
[BlackElo "1605"]
[PlyCount "95"]
[EventDate "1993.??.??"]

1. e4 e6 2. d4 d6 3. c4 Be7 4. Nf3 Nf6 5. Nc3 O-O 6. Bd3 Re8 7. Bg5 Nc6 8. O-O
e5 9. d5 Nd4 10. Nxd4 exd4 11. Ne2 Nxd5 12. Bxe7 Nxe7 13. Nxd4 Ng6 14. f4 Qh4
15. Qf3 Bg4 16. Qg3 Qh5 17. h3 Qc5 18. Qf2 Nxf4 19. Bc2 Bh5 20. b3 Qe5 21. Rae1
c5 22. Nb5 Ne6 23. Re3 a6 24. Nc3 Nd4 25. Bb1 Re6 26. Nd5 Rf8 27. Bd3 f5 28.
exf5 Qf6 29. Nxf6+ Rexf6 30. g4 Bg6 31. Qg2 Be8 32. Re7 Bc6 33. Be4 h6 34. Bxc6
bxc6 35. Rfe1 Kh7 36. Ra7 d5 37. Ree7 Rg8 38. cxd5 cxd5 39. Qxd5 h5 40. Qxc5
Nf3+ 41. Kg2 hxg4 42. hxg4 Nh4+ 43. Kg3 Rh6 44. Qe5 Nxf5+ 45. Qxf5+ Kh8 46. Qe5
Rh7 47. Re8 a5 48. Raa8 1-0

[Event "Lansing (MI Am/2)"]
[Site "?"]
[Date "1993.??.??"]
[Round "?"]
[White "Smalec, John"]
[Black "Friedland, J."]
[Result "1-0"]
[WhiteElo "1700"]
[BlackElo "1605"]
[PlyCount "88"]
[EventDate "1993.??.??"]

1. e4 e5 2. Nf3 Nc6 3. Bb5 a6 4. Bxc6 dxc6 5. O-O Bd6 6. d4 exd4 7. Nxd4 Nf6 8.
Bg5 O-O 9. Nc3 Bg4 10. Qd2 Be5 11. Nb3 Qxd2 12. Bxd2 b5 13. f3 Be6 14. Rfe1
Rfd8 15. Rad1 Rd7 16. Nc5 Rd6 17. Nxe6 fxe6 18. f4 Bd4+ 19. Kf1 Ne8 20. e5 Rd7
21. Ne4 Rad8 22. Bc3 Bxc3 23. Nxc3 b4 24. Rxd7 Rxd7 25. Ne4 Rf7 26. g3 h6 27.
Rd1 g5 28. Rd8 Rf8 29. Ke2 gxf4 30. gxf4 Kg7 31. Nc5 Kf7 32. Rd7+ Kg6 33. Nxe6
Rf7 34. Rxf7 Kxf7 35. f5 h5 36. h4 a5 37. Kd3 Ng7 38. Nxg7 Kxg7 39. Kc4 Kf7 40.
Kc5 Ke7 41. Kxc6 Kd8 42. f6 Ke8 43. Kxc7 Kf7 44. Kd7 Kf8 1-0

[Event "Flint (MEX/1)"]
[Site "?"]
[Date "1993.??.??"]
[Round "?"]
[White "Sloan, Thomas"]
[Black "Finegold, Ben"]
[Result "0-1"]
[WhiteElo "2095"]
[BlackElo "2550"]
[PlyCount "54"]
[EventDate "1993.??.??"]

1. f4 e5 2. fxe5 d6 3. Nf3 dxe5 4. Nxe5 Bd6 5. Nf3 g5 6. d4 g4 7. Ne5 Bxe5 8.
dxe5 Qxd1+ 9. Kxd1 Nc6 10. Bg5 Nxe5 11. Nc3 f6 12. Nd5 fxg5 13. Nxc7+ Kd8 14.
Nxa8 Nf6 15. g3 Nd5 16. e4 Nf6 17. Bg2 Be6 18. Ke2 Kd7 19. Rad1+ Kc6 20. Rd4
Rxa8 21. Rhd1 Kc7 22. b3 Re8 23. Rf1 Nfd7 24. Ke3 h5 25. Rd2 Kd8 26. Rf6 Ke7
27. Rh6 Kf7 0-1

[Event "Flint (MEX/3)"]
[Site "?"]
[Date "1993.??.??"]
[Round "?"]
[White "Sloan, Thomas"]
[Black "Clark, K."]
[Result "1-0"]
[WhiteElo "2095"]
[BlackElo "2010"]
[PlyCount "43"]
[EventDate "1993.??.??"]

1. f4 d5 2. Nf3 c5 3. g3 Nf6 4. Bg2 Nc6 5. O-O Bg4 6. Ne5 h5 7. h3 Bf5 8. d3
Qd6 9. Nc3 Nxe5 10. fxe5 Qxe5 11. Nb5 O-O-O 12. Nxa7+ Kd7 13. c4 Ke8 14. Nb5 g5
15. Rxf5 Qxf5 16. Qa4 Rd7 17. Qa8+ Rd8 18. Qa4 Rd7 19. Qa8+ Rd8 20. Nc7+ Kd7
21. Qxb7 Bh6 22. Nxd5+ 1-0

[Event "Flint (Class B/3)"]
[Site "?"]
[Date "1993.??.??"]
[Round "?"]
[White "Sledge, Ernest"]
[Black "Vega, D."]
[Result "1-0"]
[WhiteElo "1750"]
[BlackElo "1605"]
[PlyCount "51"]
[EventDate "1993.??.??"]

1. e4 e5 2. Nf3 Nc6 3. Bc4 Nf6 4. Ng5 d5 5. exd5 Nb4 6. Nc3 h6 7. Nf3 Bg4 8. d3
Nbxd5 9. Bd2 c6 10. h3 Bxf3 11. Qxf3 b5 12. Bb3 b4 13. Ne4 Be7 14. O-O Rc8 15.
Qg3 g5 16. Qxe5 O-O 17. Qf5 Nxe4 18. Qxe4 Nf6 19. Qg6+ Kh8 20. Qxh6+ Nh7 21.
Rfe1 Bf6 22. Rab1 Bg7 23. Qh5 Rb8 24. Re2 Rb7 25. Rbe1 f6 26. Re8 1-0